| 000 | 00598nam a22001697a 4500 | ||
|---|---|---|---|
| 020 | _qHard Cover. | ||
| 082 | _a670.5 | ||
| 100 | _aKamran Siddique. Muhammad | ||
| 245 |
_aEXPERIMENTAL AND NUMERICAL INVESTIGATION OF A GEAR PUMP USING DYNAMIC MESHING IN OPENFOAM / _cMuhammad Kamran Siddique. |
||
| 260 |
_aIslamabad: _bSMME-NUST. _c2016. |
||
| 300 |
_ax, 72 p. : ill. ; _c30cm. |
||
| 650 |
_aMs Thesis. _918721 |
||
| 700 |
_aDr.Emad Ud Din. _916109 |
||
| 856 | _uhttp://10.250.8.41:8080/xmlui/handle/123456789/12772 | ||
| 942 |
_2ddc _cTHE |
||
| 999 |
_c529244 _d529244 |
||